[Event "IECC CL6-2006.14 email"]
[Site "IECC email"]
[Date "2006.08.27"]
[Round "?"]
[White "Detain, Tom"]
[Black "Von Rosenberg, Clemens"]
[Result "1/2-1/2"]
[WhiteElo "1293"]
[BlackElo "1423"]
[PlyCount "60"]
[EventDate "2006.??.??"]
[EventType "tourn (corr)"]
[EventRounds "4"]
[SourceTitle "Corr 2020"]
[Source "ChessBase"]
[SourceDate "2019.09.30"]
[SourceVersion "1"]
[SourceVersionDate "2019.09.30"]
[SourceQuality "1"]
[WhiteTeam "England"]
[BlackTeam "Germany"]
[WhiteTeamCountry "ENG"]
[BlackTeamCountry "GER"]

1. c4 f5 2. d4 Nf6 3. Nc3 e6 4. Nf3 Bb4 5. Qc2 0-0 6. Bg5 c5 7. e3 cxd4 8. exd4 Qc7 9. Bd3 b5 10. Bxf6 bxc4 11. Bxf5 exf5 12. Be5 d6 13. Bf4 Bb7 14. 0-0-0 Qa5 15. a3 Bxc3 16. Bxd6 Bxf3 17. gxf3 Rf6 18. Bxb8 Rxb8 19. Qxc3 Qxc3+ 20. bxc3 Rfb6 21. Kd2 Rb2+ 22. Ke3 R8b3 23. Rc1 Rxa3 24. d5 Kf7 25. Rhd1 Ke7 26. Rd4 Kd6 27. Rxc4 Kxd5 28. Rc7 g5 29. Rd1+ Ke6 30. Rc6+ Ke5 1/2-1/2

[Event "IECC CL6-2006.12 email"]
[Site "IECC email"]
[Date "2006.08.03"]
[Round "?"]
[White "Von Rosenberg, Clemens"]
[Black "Detain, Tom"]
[Result "1-0"]
[WhiteElo "1384"]
[BlackElo "1285"]
[PlyCount "47"]
[EventDate "2006.??.??"]
[EventType "tourn (corr)"]
[EventRounds "4"]
[SourceTitle "Corr 2020"]
[Source "ChessBase"]
[SourceDate "2019.09.30"]
[SourceVersion "1"]
[SourceVersionDate "2019.09.30"]
[SourceQuality "1"]
[WhiteTeam "Germany"]
[BlackTeam "England"]
[WhiteTeamCountry "GER"]
[BlackTeamCountry "ENG"]

1. e4 c5 2. Nf3 Nc6 3. d4 cxd4 4. c3 dxc3 5. Nxc3 d6 6. Bc4 e6 7. 0-0 Nf6 8. Qe2 Be7 9. Rd1 e5 10. h3 0-0 11. Be3 a6 12. Nd5 Nxd5 13. Bxd5 Bf6 14. Rac1 Qc7 15. Qd3 Rd8 16. Qb3 Qe7 17. Bb6 Re8 18. Qa3 Nd4 19. Nxd4 exd4 20. Rc7 Bd7 21. Bxb7 Rab8 22. Qxa6 d3 23. Qa7 Qe6 24. Bd5 1-0

[Event "IECC CL6-2006.06 email"]
[Site "IECC email"]
[Date "2006.04.25"]
[Round "?"]
[White "Duarte, Antonio"]
[Black "Detain, Tom"]
[Result "1-0"]
[WhiteElo "1305"]
[BlackElo "1236"]
[PlyCount "31"]
[EventDate "2006.??.??"]
[EventType "tourn (corr)"]
[EventRounds "4"]
[SourceTitle "Corr 2020"]
[Source "ChessBase"]
[SourceDate "2019.09.30"]
[SourceVersion "1"]
[SourceVersionDate "2019.09.30"]
[SourceQuality "1"]
[WhiteTeam "Portugal"]
[BlackTeam "England"]
[WhiteTeamCountry "POR"]
[BlackTeamCountry "ENG"]

1. d4 c6 2. c4 d5 3. Nf3 Nf6 4. Nc3 Bf5 5. cxd5 cxd5 6. Qb3 b6 7. Bg5 e6 8. e3 Be7 9. Bb5+ Nfd7 10. Rc1 Be4 11. Nxe4 dxe4 12. Bxe7 Kxe7 13. Ne5 Nxe5 14. dxe5 Nd7 15. Qa3+ Nc5 16. Rxc5 1-0

[Event "IECC CL7-2006.07 email"]
[Site "IECC email"]
[Date "2006.04.02"]
[Round "?"]
[White "Matutis, Rolandas"]
[Black "Detain, Tom"]
[Result "1-0"]
[WhiteElo "1097"]
[BlackElo "1206"]
[PlyCount "29"]
[EventDate "2006.??.??"]
[EventType "tourn (corr)"]
[EventRounds "4"]
[SourceTitle "Corr 2020"]
[Source "ChessBase"]
[SourceDate "2019.09.30"]
[SourceVersion "1"]
[SourceVersionDate "2019.09.30"]
[SourceQuality "1"]
[WhiteTeam "Lithuania"]
[BlackTeam "England"]
[WhiteTeamCountry "LTU"]
[BlackTeamCountry "ENG"]

1. d4 c5 2. dxc5 Nc6 3. e4 e6 4. Be3 Nf6 5. Nd2 Qa5 6. c3 g6 7. Qf3 Bg7 8. Nc4 Qc7 9. Bf4 Qd8 10. Nd6+ Kf8 11. Bg3 Qe7 12. Nxc8 Qd8 13. Nd6 e5 14. Bc4 Qe7 15. Nh3 1-0

[Event "IECC CL6-2006.01 email"]
[Site "IECC email"]
[Date "2006.01.22"]
[Round "?"]
[White "Detain, Tom"]
[Black "Jensen, Jeff"]
[Result "0-1"]
[WhiteElo "1293"]
[BlackElo "1388"]
[PlyCount "88"]
[EventDate "2006.??.??"]
[EventType "tourn (corr)"]
[EventRounds "4"]
[SourceTitle "Corr 2020"]
[Source "ChessBase"]
[SourceDate "2019.09.30"]
[SourceVersion "1"]
[SourceVersionDate "2019.09.30"]
[SourceQuality "1"]
[WhiteTeam "England"]
[BlackTeam "Australia"]
[WhiteTeamCountry "ENG"]
[BlackTeamCountry "AUS"]

1. c4 e5 2. Nc3 Nf6 3. g3 d5 4. cxd5 Nxd5 5. Bg2 Nb6 6. e3 c6 7. Nge2 Bg4 8. 0-0 Bc5 9. a3 0-0 10. b4 Bd6 11. d4 exd4 12. exd4 Qc7 13. Qd3 N8d7 14. Be3 Be6 15. Rac1 Bc4 16. Qf5 Rfe8 17. Rfe1 Nf6 18. Nf4 Re7 19. Be4 Rae8 20. Bc2 Bxf4 21. gxf4 Be6 22. Qg5 Nbd5 23. Ne4 Nxe4 24. Bxe4 h6 25. Qg3 Nf6 26. Bf3 Bd5 27. Kg2 Qd7 28. f5 Qxf5 29. Bxd5 Qxd5+ 30. Kf1 Re4 31. Rc5 Qe6 32. Rec1 Ng4 33. R5c3 Nxe3+ 34. fxe3 Rxe3 35. Rxe3 Qxe3 36. Qxe3 Rxe3 37. a4 Ra3 38. a5 Rb3 39. Rc4 Rb1+ 40. Kg2 Rb3 41. Kf2 a6 42. h4 Kf8 43. Kg2 Rd3 44. Kh2 Ke7 0-1

[Event "IECC CL7-2005.18 email"]
[Site "IECC email"]
[Date "2005.12.03"]
[Round "?"]
[White "Detain, Tom"]
[Black "Galanti, Sergio"]
[Result "1-0"]
[WhiteElo "1231"]
[BlackElo "1115"]
[PlyCount "65"]
[EventDate "2005.??.??"]
[EventType "tourn (corr)"]
[EventRounds "4"]
[SourceTitle "Corr 2008"]
[Source "ChessBase"]
[SourceDate "2008.06.24"]
[SourceVersion "1"]
[SourceVersionDate "2008.06.24"]
[SourceQuality "1"]

1. c4 e6 2. Nc3 Bb4 3. d4 Bxc3+ 4. bxc3 d6 5. Nf3 Nf6 6. Bg5 h6 7. Bh4 Nbd7 8. e3 g5 9. Bg3 Nh5 10. Bd3 Nxg3 11. fxg3 c5 12. 0-0 Qc7 13. Nd2 0-0 14. Qh5 Nb6 15. Qxh6 f6 16. Rxf6 Rxf6 17. Qxf6 Qg7 18. Qxg7+ Kxg7 19. Ne4 cxd4 20. cxd4 d5 21. cxd5 Nxd5 22. Nxg5 Nxe3 23. Re1 Nf5 24. Nxe6+ Bxe6 25. Rxe6 Nxd4 26. Re7+ Kf6 27. Rxb7 a5 28. h4 Rd8 29. Rb6+ Ne6 30. Bc4 Rd1+ 31. Kf2 Rd2+ 32. Kf3 Kg7 33. Bxe6 1-0

[Event "IECC CL6-2005.18 email"]
[Site "IECC email"]
[Date "2005.11.07"]
[Round "?"]
[White "Detain, Tom"]
[Black "Pleijsier, Hans"]
[Result "1/2-1/2"]
[WhiteElo "1168"]
[BlackElo "1271"]
[PlyCount "58"]
[EventDate "2005.??.??"]
[EventType "tourn (corr)"]
[EventRounds "4"]
[SourceTitle "Corr 2008"]
[Source "ChessBase"]
[SourceDate "2008.06.24"]
[SourceVersion "1"]
[SourceVersionDate "2008.06.24"]
[SourceQuality "1"]

1. d4 d5 2. c4 e6 3. Nc3 c6 4. Nf3 dxc4 5. e4 b5 6. a3 Bb7 7. Bf4 Bd6 8. e5 Bc7 9. Be2 Ne7 10. 0-0 Nd5 11. Qd2 Nd7 12. Ne4 f6 13. Nd6+ Bxd6 14. exd6 Qb6 15. Rfe1 0-0 16. Bd1 c5 17. Rxe6 cxd4 18. Nxd4 Ne5 19. Bxe5 fxe5 20. d7 Qxd4 21. Qxd4 exd4 22. Bf3 Rab8 23. Rd6 Rbd8 24. Bxd5+ Bxd5 25. Rxd5 Rf7 26. Rxd4 Rfxd7 27. Rxd7 Rxd7 28. Rb1 Rd2 29. Kf1 a5 1/2-1/2

[Event "IECC CL6-2005.16 email"]
[Site "IECC email"]
[Date "2005.10.02"]
[Round "?"]
[White "Huang, Peter"]
[Black "Detain, Tom"]
[Result "0-1"]
[WhiteElo "1309"]
[BlackElo "1206"]
[PlyCount "58"]
[EventDate "2005.??.??"]
[EventType "tourn (corr)"]
[EventRounds "4"]
[SourceTitle "Corr 2008"]
[Source "ChessBase"]
[SourceDate "2008.06.24"]
[SourceVersion "1"]
[SourceVersionDate "2008.06.24"]
[SourceQuality "1"]

1. e4 c5 2. Nf3 Nc6 3. g3 g6 4. Bg2 Bg7 5. 0-0 e6 6. d3 Nge7 7. Nbd2 0-0 8. c3 d5 9. Re1 d4 10. c4 e5 11. a3 Bg4 12. Qc2 Qd6 13. h3 Be6 14. Nb3 b6 15. Bd2 f6 16. Nc1 Rab8 17. Ne2 Qd7 18. Kh2 f5 19. exf5 Rxf5 20. h4 Rbf8 21. Neg1 h6 22. b4 Rh5 23. bxc5 bxc5 24. Rab1 g5 25. Bxg5 hxg5 26. Nxg5 Bf5 27. N1f3 Bf6 28. Bh3 Ng6 29. Bxf5 Qxf5 0-1

[Event "IECC CL7-2005.13 email"]
[Site "IECC email"]
[Date "2005.09.05"]
[Round "?"]
[White "Detain, Tom"]
[Black "Paine, Kevin"]
[Result "0-1"]
[WhiteElo "1172"]
[BlackElo "1068"]
[PlyCount "58"]
[EventDate "2005.??.??"]
[EventType "tourn (corr)"]
[EventRounds "4"]
[SourceTitle "Corr 2008"]
[Source "ChessBase"]
[SourceDate "2008.06.24"]
[SourceVersion "1"]
[SourceVersionDate "2008.06.24"]
[SourceQuality "1"]

1. d4 Nf6 2. c4 e6 3. Nc3 c5 4. d5 exd5 5. cxd5 d6 6. e4 g6 7. Bb5+ Nbd7 8. Nf3 Bg7 9. 0-0 0-0 10. Bf4 Qe7 11. Re1 Nh5 12. Qd2 Nxf4 13. Qxf4 Ne5 14. Be2 a6 15. Rad1 b5 16. a3 Bd7 17. b4 c4 18. Nd4 Rac8 19. Qg3 Be8 20. f4 Nd3 21. Rxd3 cxd3 22. Qxd3 Qf6 23. Ncxb5 axb5 24. Nxb5 Bxb5 25. Qxb5 Qxf4 26. Qd3 Rc3 27. g3 Rxd3 28. gxf4 Rxa3 29. Bc4 Ra4 0-1

[Event "IECC CL7-2005.07 email"]
[Site "IECC email"]
[Date "2005.04.01"]
[Round "?"]
[White "Hudgins, Jonathan"]
[Black "Detain, Tom"]
[Result "0-1"]
[WhiteElo "1038"]
[BlackElo "1192"]
[PlyCount "32"]
[EventDate "2005.??.??"]
[EventType "tourn (corr)"]
[EventRounds "4"]
[SourceTitle "Corr 2020"]
[Source "ChessBase"]
[SourceDate "2019.09.30"]
[SourceVersion "1"]
[SourceVersionDate "2019.09.30"]
[SourceQuality "1"]
[WhiteTeam "United States"]
[BlackTeam "England"]
[WhiteTeamCountry "USA"]
[BlackTeamCountry "ENG"]

1. e4 c5 2. Bc4 Nc6 3. Qf3 e6 4. d3 g6 5. Be3 Nf6 6. Bg5 Bg7 7. c3 0-0 8. Qf4 d5 9. exd5 exd5 10. Bxf6 Bxf6 11. Bb3 Re8+ 12. Ne2 Qe7 13. Bd1 Bf5 14. Qf3 Ne5 15. Qxd5 Nxd3+ 16. Kf1 Nxb2 0-1

[Event "IECC O-2182"]
[Site "IECC email"]
[Date "2005.03.23"]
[Round "?"]
[White "Viebahn, Sabine"]
[Black "Detain, Tom"]
[Result "1-0"]
[WhiteElo "1294"]
[BlackElo "1178"]
[PlyCount "73"]
[EventDate "2005.??.??"]
[EventType "swiss (corr)"]
[EventRounds "2"]
[SourceTitle "Corr 2020"]
[Source "ChessBase"]
[SourceDate "2019.09.30"]
[SourceVersion "1"]
[SourceVersionDate "2019.09.30"]
[SourceQuality "1"]
[WhiteTeam "Germany"]
[BlackTeam "England"]
[WhiteTeamCountry "GER"]
[BlackTeamCountry "ENG"]

1. d4 Nf6 2. Nf3 e6 3. Bf4 b6 4. e3 Bb7 5. Bd3 c5 6. c3 Nc6 7. Nbd2 d5 8. Ne5 Bd6 9. Bb5 Rc8 10. Qa4 Bxe5 11. Bxe5 0-0 12. 0-0 Ng4 13. Bf4 c4 14. Qd1 f5 15. e4 a6 16. Bxc6 Bxc6 17. exf5 exf5 18. Nf3 h6 19. Re1 g5 20. Bd2 Qf6 21. h3 Bd7 22. Re2 f4 23. hxg4 Bxg4 24. Re5 Rcd8 25. b3 b5 26. Bc1 Bh5 27. a4 Qg6 28. axb5 axb5 29. bxc4 bxc4 30. Ba3 Rf5 31. Qb1 Rxe5 32. Qxg6+ Bxg6 33. dxe5 g4 34. Nd4 Ra8 35. e6 Kg7 36. Nb5 h5 37. Nc7 1-0